| 000 | 00448nam a2200169Ia 4500 | ||
|---|---|---|---|
| 999 |
_c204 _d204 |
||
| 003 | OSt | ||
| 005 | 20210901104744.0 | ||
| 008 | 190216s9999||||xx |||||||||||||| ||und|| | ||
| 040 | _coclc | ||
| 082 |
_a297 _bMAH/M |
||
| 100 |
_aMatha, Y P _98741 |
||
| 245 | 0 |
_aMin Akhlakirrasoolil Karim / _cY P Matha |
|
| 260 | _bInter Law Publishing House, | ||
| 300 | _a32p | ||
| 650 | _aArabic | ||
| 942 |
_cBK _2ddc _h297 _iMAH/M _k297 _mMAH/M |
||